Windows XP in a nutshell / (Record no. 97388)

MARC details
000 -LEADER
fixed length control field 00674cam a2200229Ia 4500
008 - FIXED-LENGTH DATA ELEMENTS--GENERAL INFORMATION
fixed length control field
020 ## - INTERNATIONAL STANDARD BOOK NUMBER
International Standard Book Number 0596002491 (pbk.)
049 ## - LOCAL HOLDINGS (OCLC)
Holding library MAIN
090 ## - LOCALLY ASSIGNED LC-TYPE CALL NUMBER (OCLC); LOCAL CALL NUMBER (RLIN)
Classification number (OCLC) (R) ; Classification number, CALL (RLIN) (NR) QA76.76.O63
Local cutter number (OCLC) ; Book number/undivided call number, CALL (RLIN) KAR
003 - CONTROL NUMBER IDENTIFIER
control field
005 - DATE AND TIME OF LATEST TRANSACTION
control field 20230120144451.0
040 ## - CATALOGING SOURCE
Transcribing agency NUST
100 1# - MAIN ENTRY--PERSONAL NAME
Personal name Karp, David A.
245 10 - TITLE STATEMENT
Title Windows XP in a nutshell /
Statement of responsibility, etc. David A. Karp, Tim O'Reilly, and Troy Mott.
260 ## - PUBLICATION, DISTRIBUTION, ETC.
Place of publication, distribution, etc. Sebastopol, Calif. :
Name of publisher, distributor, etc. O'Reilly,
Date of publication, distribution, etc. 2002.
300 ## - PHYSICAL DESCRIPTION
Extent 616 p. :
Other physical details ill. ;
Dimensions 23 cm.
630 00 - SUBJECT ADDED ENTRY--UNIFORM TITLE
Uniform title Microsoft Windows (Computer file).
700 1# - ADDED ENTRY--PERSONAL NAME
Personal name O'Reilly, Tim.
700 1# - ADDED ENTRY--PERSONAL NAME
Personal name Mott, Troy.
907 ## - LOCAL DATA ELEMENT G, LDG (RLIN)
a .b10281976
b 04-08-11
c 01-09-10
942 ## - ADDED ENTRY ELEMENTS (KOHA)
Koha item type Ordinary Loan Books
Call number prefix QA76.76.O63
Call number suffix KAR
Holdings
Date last seen Total Checkouts Full call number Barcode Cost, replacement price Price effective from Koha item type Lost status Source of classification or shelving scheme Damaged status Not for loan Collection Withdrawn status Home library Current library Shelving location Date acquired Cost, normal purchase price
01/20/2023   QA76.76.O63 KAP 92004014035 80.00 01/20/2023 BOOKS   LCC     NFIC   MAIN MAIN GEN 01/20/2023 80.00